Fr. Conceicao Rodrigues College of Engineering

Component based technology (Record no. 26334)

MARC details
000 -LEADER
fixed length control field 00371nam a2200169Ia 4500
082 ## - DEWEY DECIMAL CLASSIFICATION NUMBER
Classification number 5.3
Item number SAD
100 ## - MAIN ENTRY--PERSONAL NAME
Personal name Sadasivam/Sudha G
245 ## - TITLE STATEMENT
Title Component based technology
260 ## - PUBLICATION, DISTRIBUTION, ETC.
Name of publisher, distributor, etc. Wiley India
Date of publication, distribution, etc. 2008
366 ## - TRADE AVAILABILITY INFORMATION
Publishers's discount category 25
300 ## - PHYSICAL DESCRIPTION
Extent 455
546 ## - LANGUAGE NOTE
Language note ENGLISH
650 ## - SUBJECT ADDED ENTRY--TOPICAL TERM
Topical term or geographic name entry element Information systems
654 ## - SUBJECT ADDED ENTRY--FACETED TOPICAL TERMS
Focus term component based technology
942 ## - ADDED ENTRY ELEMENTS (KOHA)
Koha item type BOOK
Holdings
Withdrawn status Lost status Damaged status Not for loan Collection Home library Current library Date acquired Source of acquisition Cost, normal purchase price Inventory number Total Checkouts Full call number Barcode Date last seen Cost, replacement price Price effective from Koha item type
        CRC Fr. Agnel's C.Rodrigues College of Engineering Fr. Agnel's C.Rodrigues College of Engineering 17/03/2023 Allied Publishers 224.25 2719 dt 31/12/2009   5.3 SAD 20281 17/03/2023 299.00   BOOK
        CRC Fr. Agnel's C.Rodrigues College of Engineering Fr. Agnel's C.Rodrigues College of Engineering 17/03/2023 Allied Publishers 224.25 2719 dt 31/12/2009   5.3 SAD 20282 17/03/2023 299.00   BOOK
        CRC Fr. Agnel's C.Rodrigues College of Engineering Fr. Agnel's C.Rodrigues College of Engineering 17/03/2023 Allied Publishers 224.25 2719 dt 31/12/2009   5.3 SAD 20283 17/03/2023 299.00   BOOK
        CRC Fr. Agnel's C.Rodrigues College of Engineering Fr. Agnel's C.Rodrigues College of Engineering 17/03/2023 Allied Publishers 224.25 2719 dt 31/12/2009   5.3 SAD 20284 17/03/2023 299.00   BOOK